<?xml version="1.0" encoding="UTF-8"?>
<record
    xmlns:xsi="http://www.w3.org/2001/XMLSchema-instance"
    xsi:schemaLocation="http://www.loc.gov/MARC21/slim http://www.loc.gov/standards/marcxml/schema/MARC21slim.xsd"
    xmlns="http://www.loc.gov/MARC21/slim">

  <leader>00603nam a22001937i 4500</leader>
  <datafield tag="999" ind1=" " ind2=" ">
    <subfield code="c">23584</subfield>
    <subfield code="d">23584</subfield>
  </datafield>
  <controlfield tag="003">AR-CdUCM</controlfield>
  <controlfield tag="008">260401b20232023 pe|a||| |||| 00| 0 spa d</controlfield>
  <datafield tag="020" ind1=" " ind2=" ">
    <subfield code="a">978-612-4195-68-6</subfield>
  </datafield>
  <datafield tag="040" ind1=" " ind2=" ">
    <subfield code="a">MUNICIPALIDAD PROVINCIAL DEL CUSCO</subfield>
    <subfield code="c">BIBLIOTECA MUNICIPAL DEL CUSCO</subfield>
  </datafield>
  <datafield tag="082" ind1=" " ind2=" ">
    <subfield code="2">2&#xB0;edici&#xF3;n</subfield>
    <subfield code="a">EP / 398.6 </subfield>
    <subfield code="b">C78</subfield>
  </datafield>
  <datafield tag="100" ind1=" " ind2=" ">
    <subfield code="a">Corcuera, Arturo</subfield>
  </datafield>
  <datafield tag="245" ind1=" " ind2=" ">
    <subfield code="a">El libro de las adivinanzas :</subfield>
  </datafield>
  <datafield tag="260" ind1=" " ind2=" ">
    <subfield code="a">Bre&#xF1;a Lima-Per&#xFA;:</subfield>
    <subfield code="b">Ediciones El Nocedal SAC.</subfield>
    <subfield code="c">2023</subfield>
  </datafield>
  <datafield tag="300" ind1=" " ind2=" ">
    <subfield code="a">54 p&#xE1;ginas. :</subfield>
    <subfield code="c">21x21 cm.</subfield>
  </datafield>
  <datafield tag="650" ind1=" " ind2=" ">
    <subfield code="a">Adivinanzas</subfield>
    <subfield code="9">34933</subfield>
  </datafield>
  <datafield tag="942" ind1=" " ind2=" ">
    <subfield code="2">ddc</subfield>
    <subfield code="c">LIBROS</subfield>
  </datafield>
  <datafield tag="945" ind1=" " ind2=" ">
    <subfield code="a">pbjr</subfield>
    <subfield code="d">01-04-2026</subfield>
  </datafield>
  <datafield tag="952" ind1=" " ind2=" ">
    <subfield code="0">0</subfield>
    <subfield code="2">ddc</subfield>
    <subfield code="4">0</subfield>
    <subfield code="7">0</subfield>
    <subfield code="a">SI</subfield>
    <subfield code="b">SI</subfield>
    <subfield code="c">CART</subfield>
    <subfield code="d">2026-04-01</subfield>
    <subfield code="e">Donaci&#xF3;n</subfield>
    <subfield code="g">15.00</subfield>
    <subfield code="o">EP / 398.6  / C78</subfield>
    <subfield code="p">SI00005200</subfield>
    <subfield code="r">2026-04-01</subfield>
    <subfield code="y">LIBROS</subfield>
  </datafield>
</record>
